000
00256nam a2200109Ia 4500
008
190907s9999||||xx |||||||||||||| ||und||
100
_a
David M. Pozar
245
0
_a
Microwave Engineering
260
_a
New Delhi
_b
Addison
_c
1998
300
_a
716
942
_c
BK
999
_c
6601
_d
6601